00587 2200229 4500001002100000005001500021035002000036007000300056008004100059020002200100082001000122084001600132100001900148245004300167250001000210260003500220300002600255650002400281520003000305990001100335990001100346INLIS00000000000335620090101060821 a0010-0109000019ta090101 g 0 ind  a978-602-18585-9-2 a613.2 a613.2 AHM d0 aAHMAD, Jauhari1 aDasar-dasar Ilmu Gizi /cAhmad Jauhari acet.1 aYogyakarta :bJaya Ilmu,c2015 ax, 258 hlm. ;c21 cm. 4aKESEHATAN.ILMU GIZI aBibliografi: hlm. 257-258 a6561 a a6561 b